| 000 | 00494nam a22001937a 4500 | ||
|---|---|---|---|
| 003 | CEME | ||
| 005 | 20210628203247.0 | ||
| 008 | 210122b xxu||||| |||| 00| 0 eng d | ||
| 020 | _a0-07-135755-6 | ||
| 040 | _c. | ||
| 082 | _a796.5223 CIN | ||
| 100 |
_aCinnamon, Jerry _964353 |
||
| 245 | _aThe complete climber's handbook | ||
| 250 | _a2ND | ||
| 260 |
_aNEW YORK _bMCGRAW HILL _c2000 |
||
| 300 | _aVI,314 P | ||
| 650 |
_aROCK CLIMBING. SNOW AND ICE CLIMBING. _964354 |
||
| 942 |
_cBK _2ddc |
||
| 999 |
_c572874 _d572874 |
||